مكتبة جامعة عجلون الوطنية

فهرس بحث المكتبة

Normal view MARC view
  • الإنترنت - جرائم الحاسبات الالكترونية - قوانين وتشريعات - البلاد العربية 

Entry Topical Term

Number of records used in: 1

001 - CONTROL NUMBER

  • control field: 32452

003 - CONTROL NUMBER IDENTIFIER

  • control field: JO-AjAnu

005 - DATE AND TIME OF LATEST TRANSACTION

  • control field: 20230606075444.0

008 - FIXED-LENGTH DATA ELEMENTS

  • fixed length control field: 230606|| aca||aabn | a|a d

040 ## - CATALOGING SOURCE

  • Original cataloging agency: JO-AjAnu
  • Transcribing agency: JO-AjAnu

150 ## - HEADING--TOPICAL TERM

  • Topical term or geographic name entry element: الإنترنت - جرائم الحاسبات الالكترونية - قوانين وتشريعات - البلاد العربية 

670 ## - SOURCE DATA FOUND

  • Source citation: Work cat.: (JO-AjAnu)16670: حجازي، عبدالفتاح بيومي, author 32451, جرائم الكمبيوتر والانترنت في التشريعات العربية: دراسة مقارنة مع التطبيق على نظام مكافحة جرائم المعلوماتية في المملكة العربية السعودية